Tulonamulok sorkar aru rajniti (Record no. 554)

MARC details
000 -LEADER
fixed length control field 00540cam a2200205ua 4500
001 - CONTROL NUMBER
control field 624
005 - DATE AND TIME OF LATEST TRANSACTION
control field 20260515113211.0
008 - FIXED-LENGTH DATA ELEMENTS--GENERAL INFORMATION
fixed length control field 110707n ii |||gr||||Z||||||eng
040 ## - CATALOGING SOURCE
Transcribing agency MAIN
082 ## - DEWEY DECIMAL CLASSIFICATION NUMBER
Classification number 320.3
245 1# - TITLE STATEMENT
Title Tulonamulok sorkar aru rajniti
Statement of responsibility, etc. by Krioesh Chandra Paul
250 ## - EDITION STATEMENT
Edition statement 1st.
260 ## - PUBLICATION, DISTRIBUTION, ETC.
Place of publication, distribution, etc. Guwahati:
Name of publisher, distributor, etc. Arun,
Date of publication, distribution, etc. 2007.
300 ## - PHYSICAL DESCRIPTION
Extent 466p:
Dimensions 30cm.
653 ## - INDEX TERM--UNCONTROLLED
Uncontrolled term Political science
653 ## - INDEX TERM--UNCONTROLLED
Uncontrolled term Tulonamulok sarkar aru rajniti
700 ## - ADDED ENTRY--PERSONAL NAME
Personal name Paul, Kripesh Chandra.,
Relator term Author.
700 ## - ADDED ENTRY--PERSONAL NAME
Personal name Nayak, Protul Chandra.
942 ## - ADDED ENTRY ELEMENTS (KOHA)
Koha item type Books
Holdings
Withdrawn status Lost status Damaged status Not for loan Home library Current library Shelving location Date acquired Total checkouts Full call number Barcode Date last seen Copy number Price effective from Koha item type
        Naharkatiya College Library Naharkatiya College Library General stacks 09/19/2020   320.3 | PAU 18589 09/19/2020 1 09/19/2020 Books
        Naharkatiya College Library Naharkatiya College Library General stacks 09/19/2020   320.3 | PAU 18590 09/19/2020 2 09/19/2020 Books